00736nam a2200181Ia 450000500170000000800410001702000150005808200130007310000060008624500790009226000590017130000200023050001610025070000270041194200060043895200950044499900150053920241001020905.0240331s9999 xx 000 0 und d a9555800979 bSELa809 a  0aSelected writings of Regi Siriwardena :bliterature and the arts -Volume I aColombobInternational center for ethnic Studiesc2005 axviii, 831 p ., aThis Volume presents Regi Siriwardena's Articles on Literature and Reviews of films, Books and theatre during the 11 years he worked at lake house in 1950s. aCanagaratna, A.J.eedt cL 001040708LaWERCLbWERCLcSSCd2024-03-31l0o 809 SELp1875r2024-03-31w2024-03-31yL c3113d3113